| 000 | 00000nam 2200000zi 4500 |
| 001 | 9.867755 |
| 003 | CaOODSP |
| 005 | 20241203113645 |
| 006 | m o d f |
| 007 | cr nn||||||||| |
| 008 | 190130s1987 onca ob f000 0 eng d |
| 040 | |aCaOODSP|beng|erda|cCaOODSP |
| 041 | |aeng|bfre |
| 043 | |an-cn-on|an-us-ny |
| 086 | 1 |aEn13-5/87-26E-PDF |
| 100 | 1 |aNiimi, Arthur J., |eauthor. |
| 245 | 10|aDistribution of polychlorinated biphenyl (PCB) cogeners and other halocarbons in fish and muscle among Lake Ontario salmonids / |cA.J. Niimi and Barry G. Oliver. |
| 264 | 1|aBurlington, Ontario : |bEnvironmental Contaminants Division, National Water Research Institute, Canada Centre for Inland Waters, |c[1987] |
| 300 | |a1 online resource (32 pages, 1 unnumbered page) : |billustrations. |
| 336 | |atext|btxt|2rdacontent |
| 337 | |acomputer|bc|2rdamedia |
| 338 | |aonline resource|bcr|2rdacarrier |
| 490 | 1 |aNWRI contribution ; |vno. 87-26 |
| 500 | |aCover title. |
| 500 | |a"Division control no. ECD-150B." |
| 500 | |a"This manuscript has been submitted to Canadian Journal of Fisheries and Aquatic Sciences and the contents are subject to change. This copy is to provide information prior to publication." |
| 500 | |aDigitized edition from print [produced by Environment and Climate Change Canada]. |
| 504 | |aIncludes bibliographical references. |
| 546 | |aIncludes management perspective and executive summary and abstract in French. |
| 693 | 4|aSalmonidae--Effect of water pollution on--Ontario, Lake (N.Y. and Ont.) |
| 693 | 4|aOrganohalogen compounds--Ontario, Lake (N.Y. and Ont.) |
| 700 | 1 |aOliver, Barry G., |eauthor. |
| 710 | 1 |aCanada. |bEnvironment Canada. |
| 710 | 2 |aNational Water Research Institute (Canada) |
| 830 | #0|aNWRI contribution ;|vno. 87-26.|w(CaOODSP)9.844121 |
| 856 | 40|qPDF|s2.92 MB|uhttps://publications.gc.ca/collections/collection_2019/eccc/En13-5-87-26-eng.pdf |